Times com mais participações no Brasileirão - Statistics

Estatísticas Gerais
  • Esse quiz foi jogado 88 vezes
  • A pontuação média é 19 de 20
Estatísticas das Respostas
Participações Última participação Divisão atual Cidade Melhor colocação Resposta % Correto
64 2026 Série A Belo Horizonte Campeão (3 vezes) Atlético Mineiro
100%
58 2026 Série A São Paulo Campeão (7 vezes) Corinthians
100%
61 2026 Série A Rio de Janeiro Campeão (8 vezes) Flamengo
100%
66 2026 Série A Porto Alegre Campeão (2 vezes) Grêmio
100%
63 2026 Série A São Paulo Campeão (12 vezes) Palmeiras
100%
65 2026 Série A Santos Campeão (8 vezes) Santos
100%
59 2026 Série A São Paulo Campeão (6 vezes) São Paulo
100%
43 2025 Série B Recife Campeão (1987) Sport
100%
53 2026 Série A Salvador Campeão (2 vezes) Bahia
99%
63 2026 Série A Belo Horizonte Campeão (4 vezes) Cruzeiro
99%
61 2026 Série A Rio de Janeiro Campeão (4 vezes) Fluminense
99%
60 2026 Série A Porto Alegre Campeão (3 vezes) Internacional
99%
57 2026 Série A Rio de Janeiro Campeão (4 vezes) Vasco da Gama
99%
61 2026 Série A Rio de Janeiro Campeão (3 vezes) Botafogo
97%
43 2023 Série B Goiânia 3° lugar (2005) Goiás
95%
49 2026 Série A Curitiba Campeão (2001) Athletico Paranaense
94%
42 2026 Série A Salvador Vice-campeão (1993) Vitória
94%
43 2026 Série A Curitiba Campeão (1985) Coritiba
91%
36 2013 Série D São Paulo Vice-campeão (1996) Portuguesa
82%
34 2013 Série B Recife Vice-campeão (1967) Náutico
81%
Nenhum quiz correspondente encontrado
Distribuição das Pontuações
Porcentagem de Pessoas com Cada Pontuação
Percentil de Números Respondidos
Sua Pontuação Histórica
Você não jogou esse quiz